00259nam a2200121Ia 45000030006000000080041000060400015000471000013000622450024000752600009000995460012001080050017001200STCL150530s9999 xx 000 0 und d aSTCLcSTCL aJunk, W. aStudy of vegetation c1979 aEnglish20220125170349.0